01105 2200361 4500001002100000005001500021035002000036007000300056008004100059020002200100040002200122082001200144084001400156090001800170090002200188100003500210245013600245250002500381300003000406500001100436650001000447650002400457650002800481700003000509850001200539504003300551264004100584336002100625337003000646338002300676999002200699990002200721INLIS00000000085501120200312090234 a0010-0320000338ta200312s2019 yoi g 1 ind d a978-602-229-995-0 aYOPDYOGbinderda04223a170 a170 MUN d aDEP 170 MUN d aCB-D.11 2019-22930 aMunawir Haris,d1976-epenulis10aDiskursus etika religius :bperspektif Nurcholish Madjid & Franz Magnis-Suseno /cpenulis, Munawir Haris; penyunting, Ahmad Jauhari aCetakan I, Juni 2019 axvi, 314 halaman ;c23 cm aIndeks 4aEtika 4aAgama, Perbandingan 4aDualisme dan pluralisme0 aAhmad Jauhariepenyunting aYOPDYOG aBibliografi: halaman 295-30631aYogyakarta :bPustaka Pelajar,c2019 2rdacontentateks 2rdamediaatanpa perantara 2rdacarrieravolume aCB-D.11/2019-2293 aCB-D.11/2019-2293